00947nas a2200229Ia 4500001001100000003000900011008004100020040001300061040001300074041001300087100004300100210001900143222001900162245016200181250001100343260004000354501008600394300001900480362004600499500013400545650003800679R222/B2980IT-RoPAU151124c99999999xx |||||||||||| ||und|| aIT-RoPAU cIT-RoPAU aFRANCESE aChriste YvesgCodice Aut. SPICS: 33704 aARTE CRISTIANA aArte Cristiana aARTE CRISTIANA, ANNO 080-N.0753 (NOVEMBRE/DICEMBRE 1992)bAnge A L'Encensoir Devant L'Autel (L'): A Propos De Deux Decouvertes Recentes A Poitiers Et A Pavie a1a ed. aMILANObSCUOLA BEATO ANGELICOc1992 bPaulus - SPICS - Società San Paolo EM (non-commercial uses only)cCopyright2015 a8 p. [411-418] aANNO 080, N.0753 (NOVEMBRE/DICEMBRE 1992) aL'Angelo con il Turibolo (Incensiere) Davanti All'Altare: Note Critiche a Proposito di Due Scoperte Recenti a Poitiers e a Pavia. aESTETICAvPUBBLICAZIONE PERIODICA